000
00303nam a22001337a 4500
008
170526b xxu||||| |||| 00| 0 eng d
020
_a
9780078940941
041
_a
eng
080
_a
621(075.8)
100
_a
25
101
_a
IM
245
_a
WOODS TECNOLOGY PROCESSES
_c
FEINER.M.D
942
_2
udc
_c
BK
999
_c
14375
_d
14375